000 00526nam a2200169Ia 4500
003 LDD
008 190117s9999 xx 000 0 und d
020 _a8171192936
_c₹95
040 _cLDD
041 _ahi
082 _a8h3.7 या4668म
100 _aयादव, राजेन्द्र
245 0 _aमंत्र-विद्ध और कुलटा
_cराजेन्द्र यादव
260 _aनई दिल्ली
_bराधाकृष्ण
_c1995
300 _a177
942 _2ddc
_cH
999 _c167736
_d167736